000 00523nam a22002057a 4500
003 OSt
005 20180119143858.0
008 160725b xxu||||| |||| 00| 0 eng d
020 _a9781563952609
040 _c040a
082 _aQY 25
_bT225j 2008
100 _aJohn D. Roback; [et...al]
_912376
245 _aTechnical Manual
250 _a16th.ed
260 _aMaryland
_bAABB
_c2008
300 _axxvii, 1039p;
_bill :
_c28 cm.
504 _aIncludes index
650 _aTechnical manual
_910442
942 _2z
_cO_SHELF
999 _c4864
_d4864